000
00303nam a2200109Ia 4500
008
171211s9999 xx 000 0 und d
245
4
_a
The Chamber Cantatas of Antonio Vivaldi
245
_c
Michael Talbot
260
_c
2006
650
_x
music
856
_u
http://down.ebook777.com/059/9781843832010.pdf
999
_c
348700
_d
348700